La elegida. (Registro nro. 3258)

Detalles MARC
000 -LEADER
fixed length control field 01238nam a2200205 a 4500
008 - CAMPO DE CONTROL (LIBRO)
fixed length control field 190917t2014 sp |||g |||| 001 0 spa d
020 ## - INTERNATIONAL STANDARD BOOK NUMBER
ISBN 9788499188638
041 ## - CODIGO DE IDIOMA
Código de idioma del texto/pista de sonido o título separado spa
092 ## - SIGNATURA TOPOGRAFICA DEWEY LOCAL
número de clasificación 808
libristica 10
sección CAS
100 1# - ENTRADA PRINCIPAL--NOMBRE PERSONAL
Nombre personal Cass, Kiera
9 (RLIN) 4307
245 #3 - TITULO PROPIAMENTE DICHO
Título La elegida.
Subtítulo y Título paralelo Solo una chica se llevará la corona /
Mención de responsabilidad y remanente de la transcripción de la portada Kiera Cass
250 ## - MENCION DE EDICION
Mención de edición 1a ed.
Mención de responsabilidad relacionada con la ed. Traducción Jorge Rizzo
260 ## - PIE DE IMPRENTA
Lugar de publicación, distribución, etc Barcelona:
Nombre de la editorial, distribuidor, etc Roca editorial;
Fecha de publicación 2014.
300 ## - DESCRIPCION FISICA
Extension 255 p.
500 ## - NOTA GENERAL
Nota general Cass, K. (2014). La elegida. (1a ed.). Barcelona : Roca editorial.
505 ## - NOTA DE CONTENIDO
Nota de contenido formateada La situación en el palacio es cada vez más peligrosa. Los rebeldes atacan tanto por el norte como por el sur y América, las chicas que siguen en la selección y Maxon se encuentran en verdadero peligro. Mientras todo esto sucede, la disyuntiva en la que se encuentra América tampoco es mucho mejor: elegir entre su primer amor, Aspen, y el príncipe Maxon, quien poco a poco ha ido conquistándola. Eso sin tener en cuenta también que el príncipe debe escogerla a ella de entre las seis seleccionadas que podrían convertirse en su esposa y que aún permanecen en palacio.
590 ## - NOTAS LOCALES (RLIN)
Nota local Proyecto 4to libro, Donación Maria Vitarelli, Diciembre 2017
655 ## - MATERIA - GENERO/FORMA
Género/Forma Literatura
-- 2917
942 ## - ADDED ENTRY ELEMENTS (KOHA)
Source of classification or shelving scheme Dewey Decimal Classification
Item type LITERATURA
Existencias
Estado de retiro Existencia Fuente de clasificación Estado general No para prestamo Ubicación permanente ubicación actual Sala de ubicación Fecha de adquisición Fuente de adquisición Total Checkouts Número de clasificación Código de barras Date last seen Número de ejemplar Price effective from Koha tipo de elemento (item) Public note Coded location qualifier
    Dewey Decimal Classification     Biblioteca Medicina Biblioteca Medicina Circulación 23/04/2025 Donación Abril 2025. Chiara Montenegro   808 10 CAS 5015 24/04/2025 Ej.1 24/04/2025 LITERATURA Donación Abril 2025. Chiara Montenegro. Sede Tordos.  

UNIVERSIDAD NACIONAL DEL COMAHUE
Biblioteca de la Facultad de Ciencias Médicas
Sede Toschi: Los Arrayanes y Av. Toschi, Cipolletti  - Rio Negro
Sede Los Tordos:  Yrigoyen al 2211, Cipolletti - Rio Negro 

Teléfono: 0299 - 4774707 int 25
Contacto: biblioteca@facimed.uncoma.edu.ar
© 2011 - 2026